Csányi majstrom sveta vďaka dvom kolkom MS v kolkoch sa skončili

Bibliographic Details
Main Author: (dol) (Author)
Format: Article
Language:Slovak
Subjects:

MARC

LEADER 00000nab a2200000 a 4500
001 vtls000124386
003 SK-MaSNL
005 20260303211858.0
008 160201c1982 xo 0 slo
015 |a SNBRB19rr/mm-uuuuu 
035 |a CL0134491 
040 |a SNKBUCL  |b slo  |c SNKBUCL  |e AACR2 
041 0 |a slo 
044 |a xo  |c SK 
080 |a 794  |2 1981 
100 1 |a (dol)  |4 aut  |9 1001588 
245 1 0 |a Csányi majstrom sveta vďaka dvom kolkom  |b MS v kolkoch sa skončili  |c (dol) 
650 0 7 |a kolky (šport)  |2 snkbucl  |9 238976 
651 7 |a 3702  |2 snkbucl  |9 353010 
655 7 |a články z novín a časopisov  |2 snkbucl  |9 267496 
773 0 |t Šport  |g Roč. 36, č. 138 (12. 6. 1982), s. 6 
850 |a Slovenská národná knižnica v Martine  |a MTA001 
852 |a SNK  |b KIS3GCP 
958 |a RK 
958 |a CZ 
992 |a RBX 
999 |c 2204591  |d 2206521